00551 2200205 4500001002100000005001700021008004100038035002400079040001200103082000800115090001400123100002500137245006000162250001100222260003700233300002700270650002000297850001200317990001600329YOGYA-0412000000013920120417195512.0 ind  0010-041200000000139 aYOPDYOG a813 a813 Suh M aSUHARYADI, Saraswati aMengayuh perahu menuju masa depancSaraswati Suharyadi. aCet.1. a[S.l.]bPilar bambu kuningc1999 a98 hlm.bilus.c21 cm. aFiksi Indonesia aYOPDYOG a395-PN/P.00